[Event "CZE-ch U10"]
[Site "Teplice"]
[Date "2023.03.13"]
[Round "3"]
[White "Velim, Vojtech"]
[Black "Kupka, Frantisek1"]
[Result "1-0"]
[WhiteElo "1369"]
[BlackElo "1000"]
[PlyCount "101"]
[EventDate "2023.03.11"]
[EventType "swiss"]
[EventRounds "9"]
[EventCountry "CZE"]
[SourceTitle "CBM 213 Extra"]
[Source "ChessBase"]
[SourceDate "2023.05.31"]
[SourceVersion "1"]
[SourceVersionDate "2023.05.31"]
[SourceQuality "1"]

1. d4 d5 2. Nf3 Nc6 3. c4 Nf6 4. Nc3 Bf5 5. Bg5 e6 6. e3 Bb4 7. a3 Bxc3+ 8. bxc3 0-0 9. cxd5 exd5 10. Nh4 h6 11. Bxh6 Bh7 12. Bg5 Qd6 13. Bd3 Ne4 14. Bf4 Qf6 15. Bg3 Rfe8 16. 0-0 Re7 17. f3 Nxc3 18. Bxh7+ Kxh7 19. Qc2+ Kg8 20. Qxc3 Rae8 21. Rae1 Re6 22. f4 a5 23. Nf3 b5 24. f5 Qxf5 25. Ne5 b4 26. Qxc6 Qxf1+ 27. Kxf1 Rxc6 28. Nxc6 bxa3 29. Kf2 Re6 30. Nxa5 a2 31. Ra1 c6 32. Rxa2 Rf6+ 33. Ke2 Kh7 34. Rc2 Kg8 35. Rxc6 Rf5 36. Rc5 g6 37. e4 dxe4 38. Rxf5 gxf5 39. Ke3 Kg7 40. Kf4 Kf6 41. h4 Ke7 42. Kxf5 e3 43. h5 e2 44. Be1 Kf8 45. h6 Kg8 46. d5 Kh7 47. d6 Kxh6 48. d7 Kg7 49. d8Q Kh7 50. Kf6 Kh6 51. Qh8# 1-0